000 00664nam a22002417a 4500
003 UA-OsUOA
001 67460
007 ta
008 20100223b un ||||| |||| 00| 0 ukr d
100 _aОрр Л.
090 _a218
_bО-69
942 _cBK
040 _aUA-OsUOA
_brus
_cUA-OsUOA
_dUA-OsUOA
245 _aЖажда смерти
300 _a192 с.
955 _a2
041 _arus
080 _a218
020 _a5-9550-0625-7
260 _aМ.
_bСофия
_c2005
650 7 _a21 Природна теологія. Теодицея (Бог). Раціональна теологія Релігійна філософія
_2UDC
999 _c353564
_d353564